000 00332pab a2200145 454500
008 180718b1995 xxu||||| |||| 00| 0 eng d
100 _aMoravec, Milan
245 _aReinventing leadership
260 _c1995
300 _ap.15-18
650 _aLeadership
700 _aManley, Richard
773 _aP.M. Network
909 _a29263
999 _c29263
_d29263